书目信息 |
| 题名: |
3DS MAX 5 & AutoCAD2004建筑设计
|
|
| 作者: | 李辰东 编著 ;肖伟山 译 | |
| 分册: | ||
| 出版信息: | 北京 中国科学技术出版社 2003.10 |
|
| 页数: | 491页 | |
| 开本: | 26cm | |
| 丛书名: | ||
| 单 册: | ||
| 中图分类: | TU201.4 | |
| 科图分类: | ||
| 主题词: | 建筑设计: 计算机辅助设计--图形软件, 3DS MAX 5 , 建筑设计: 计算机辅助设计--应用软件, AutoCAD2004 , 建筑设计 , 计算机辅助设计 | |
| 电子资源: | ||
| ISBN: | 7-5046-3679-7 | |
| 000 | 00960nam0 2200301 45 | |
| 001 | 012004000000 | |
| 005 | 20050105143750.36 | |
| 010 | @a7-5046-3679-7@dCNY 80.00 | |
| 100 | @a20041122d2003 em y0chiy0121 ea | |
| 101 | 1 | @achi@ckor |
| 102 | @aCN@b110000 | |
| 105 | @aaf z 000yy | |
| 200 | 1 | @a3DS MAX 5 & AutoCAD2004建筑设计@A3DS MAX 5 & AutoCAD2004 jian zhu she ji@f(韩)李辰东编著@g肖伟山译 |
| 210 | @a北京@c中国科学技术出版社@d2003.10 | |
| 215 | @a491页@c彩图@d26cm@e附光盘1片 | |
| 307 | @a附光盘: ISBN 7-89498-152-4 | |
| 320 | @a本书含附录 | |
| 606 | 0 | @a建筑设计: 计算机辅助设计@x图形软件, 3DS MAX 5 |
| 606 | 0 | @a建筑设计: 计算机辅助设计@x应用软件, AutoCAD2004 |
| 606 | 0 | @a建筑设计 |
| 606 | 0 | @a计算机辅助设计 |
| 610 | 1 | @a3DS MAX 5 |
| 610 | 1 | @aAutoCAD2004 |
| 690 | @aTU201.4@v4 | |
| 701 | 0 | @a李辰东@Ali chen dong@4编著 |
| 702 | 0 | @a肖伟山@Axiao wei shan@4译 |
| 801 | 0 | @aCN@bQSSKcyc@c20050105 |
| 905 | @a10447@dTU201.4@eL130 | |
| 3DS MAX 5 & AutoCAD2004建筑设计/(韩)李辰东编著/肖伟山译.-北京:中国科学技术出版社,2003.10 |
| 491页:彩图;26cm+附光盘1片 |
| ISBN 7-5046-3679-7:CNY 80.00 |
| ● |
| 相关链接 |
|
|
|
正题名:3DS MAX 5 & AutoCAD2004建筑设计
索取号:TU201.4/L130
 
预约/预借
| 序号 | 登录号 | 条形码 | 馆藏地/架位号 | 状态 | 备注 |
| 1 | 434452 | 204344520 | 自科二线404/404自科库 22排6列5层/ [索取号:TU201.4/L130] | 在馆 | |
| 2 | 434453 | 204344539 | 建筑与城市规划学院资料室/404自科库 22排6列5层/ [索取号:TU201.4/L130] | 在馆 |